| 000 | 00690nam a2200229 u 4500 | ||
|---|---|---|---|
| 001 | 63731 | ||
| 005 | 20180714070303.0 | ||
| 008 | 151119s2014 sp r 000 0 spa d | ||
| 020 | _a978-607-605-279-2 | ||
| 082 | 0 |
_a759.6 _bDOU |
|
| 100 | 1 | _aDouglas Duncan, David. | |
| 245 | 1 | 0 |
_aPicasso / _cDouglas Duncan, David. |
| 264 | 1 |
_aEspaña : _bSucession Picaso 2014, _c2014 |
|
| 300 |
_a315 páginas ; _c31 cm. |
||
| 336 |
_atexto _2rdacontent |
||
| 337 |
_asin mediación _2rdamedia |
||
| 338 |
_avolúmen _2rdacarrier |
||
| 650 | 4 | _aPicasso, Pablo | |
| 650 | 4 |
_aPintores españoles _xFotografías |
|
| 650 | 4 |
_aCubismo _xFotografías |
|
| 650 | 4 |
_aArte moderno _xEspaña |
|
| 999 |
_c63731 _d63731 |
||